000 00637nam a2200193 i 4500
001 113385
003 ES-MaACL
005 20250910063114.0
007 t|
008 061121s1925 sp a 00010 spa d
100 1 _aPalacios, Julio,
_d1891-1970
_988408
245 1 0 _aTeoría de la luminosidad de los rayos canales /
_cpor J. Palacios.
260 _aMadrid :
_b[s. n.],
_c1925.
300 _a10 h. :
_bil. ;
_c22 cm.
595 _aTirada aparte de: Anales de la Sociedad Española de Física y Química, t. XXIII, p. 447-495
650 4 _aRayos canal.
_9160865
852 4 _aES-MaACL
_j1691-F-22
999 _c113385
_d113385